| 000 | 01047cas a2200277ua 4500 | ||
|---|---|---|---|
| 005 | 20170301141932.0 | ||
| 008 | 980727d19001998au uu 1 1eng | ||
| 022 | _a03740447 | ||
| 040 |
_aDLC _cCarP _dDLC _dCO-BoIAVH |
||
| 041 | _aeng | ||
| 090 | _aSE | ||
| 110 | 2 |
_aInternational Society of Soil Science. _941012 |
|
| 245 | 0 | 0 | _aBulletin of the international society of soil science |
| 246 | 1 | 3 | _aBulletin de l'assciation intrnationale de la science du sol |
| 246 | 1 | 3 | _aMitttelungen der internationalen bodenkundlichen gesellschaft |
| 260 |
_aAmsterdam, _bDrukkerij Systema. _c. |
||
| 300 |
_bilustraciones ; _c27 cm. |
||
| 310 | _az | ||
| 321 | _az | ||
| 650 | 0 |
_aSuelos _vPeriódicas. |
|
| 650 | 6 |
_aErosión de suelos _vPeriódicas. |
|
| 650 | 6 |
_aMorfología de suelos _vPeriódicas. |
|
| 650 | 6 |
_aComposición de suelos _vPeriódicas. |
|
| 785 | 0 | 0 |
_aInternational Union of Soil Sciences. _tBulletin of the International Union of Soil Sciences _w(DLC) 00203329 _w(OCoLC)42964274 |
| 942 |
_2z _cREVISTA _s1 |
||
| 999 |
_c17849 _d17849 |
||